Countries Beginning and Ending in Vowels - Statistics

General Stats
  • This quiz has been taken 674 times
    662 since last reset
  • The average score is 13 of 18
Answer Stats
Continent Answer % Correct
Oceania Australia
87%
South America Argentina
84%
Europe Albania
83%
Europe Austria
81%
Europe Andorra
80%
Asia India
79%
Europe Estonia
78%
Africa Angola
76%
Asia Armenia
76%
Africa Algeria
75%
Africa Ethiopia
73%
Africa Eritrea
71%
Asia Indonesia
70%
Africa Uganda
68%
North America Antigua and Barbuda
66%
Africa Eswatini
61%
Europe Ukraine
61%
Africa Equatorial Guinea
47%
No matching quizzes found
Score Distribution
Percent of People with Each Score
Percentile by Number Answered
Your Score History
You have not taken this quiz since the last reset